| 000 | 00893 a2200217 4500 | ||
|---|---|---|---|
| 008 | 080820t xxu||||| |||| 00| 0 eng d | ||
| 010 | _aENG-84887 | ||
| 020 |
_a8170820669 _c175.00 |
||
| 035 | _aEN-68420 | ||
| 037 | _bD.B.Act / Pub | ||
| 082 | _a133.5 | ||
| 100 | _aNair, V. S. Ramakrishnan | ||
| 245 |
_aAstroprofessor _cby V. S. Ramakrishnan Nair _beasy and scientific way to study and practice astrology |
||
| 250 | _a1st ed. | ||
| 260 |
_aNew Delhi _bSagar Publications, _c2006 |
||
| 270 |
_a72, Janpath, Ved Mansion _bNew Delhi _cDelhi _e110001 _k23320648, 23328245 _msagarpub@del3.vsnl.net.in |
||
| 300 |
_axv, 286 p. ; _c21 cm. (Pbk) |
||
| 650 | _aAstrology. | ||
| 942 |
_adpl _cEN _k133.5 / NAI _2ddc _h133.5 _m NAI |
||
| 999 |
_c655 _d655 |
||